| 000 | 01232cab a2200301 4500 | ||
|---|---|---|---|
| 001 | ABS46229 | ||
| 008 | 090401t1992 xxu||||| |||| 00| 0 eng d | ||
| 035 | _a(Sirsi) u57243 | ||
| 041 | _aeng | ||
| 100 | _aPrice Lewis, R. | ||
| 245 | 4 | _aThe Environmental Protection Act 1990: waste management in the 1990s: waste regulation and disposal | |
| 260 | _c1992 | ||
| 350 | _a0 | ||
| 490 |
_aJournal of Planning and Environment Law _v(1992) JPL 303-312(10) |
||
| 520 | _aExamines provisions in the Environmental Protection Act 1990 for the regulation and management of waste disposal through the waste regulation authorities and waste disposal authorities. Sets out the criteria for the granting of licences for disposal sites or a mobile disposal plant and the procedures for revocation of licenses and appeals. | ||
| 650 | _aCONTROL OF POLLUTION ACT 1974 | ||
| 650 | _aCONTROL OF POLLUTION | ||
| 650 | _aENVIRONMENTAL PROTECTION ACT 1990 | ||
| 650 | _aLICENCES | ||
| 650 | _aWASTE DISPOSAL AUTHORITIES | ||
| 650 | _aWASTE DISPOSAL | ||
| 650 | _aWASTE MANAGEMENT | ||
| 650 | _aWASTE REGULATION AUTHORITIES | ||
| 690 | _aENVIRONMENTAL AND LAND CONSULTANCY | ||
| 690 | _aLAND | ||
| 942 | _n0 | ||
| 948 | _c04/03/1997 | ||
| 999 |
_c34883 _d34883 |
||